Digital computer electronics (Record no. 11355)

000 -LEADER
fixed length control field 00495nam a2200181 a 4500
001 - CONTROL NUMBER
control field 11355
003 - CONTROL NUMBER IDENTIFIER
control field BD-DhUET
008 - FIXED-LENGTH DATA ELEMENTS--GENERAL INFORMATION
fixed length control field 820428s1983 nyua 001 0 eng
040 ## - CATALOGING SOURCE
Original cataloging agency DLC
Transcribing agency DLC
Modifying agency BD-DhUET
082 00 - DEWEY DECIMAL CLASSIFICATION NUMBER
Classification number 623.81958
Item number MAL/1983
100 ## - MAIN ENTRY--PERSONAL NAME
Personal name Malvino, Albert Paul
245 10 - TITLE STATEMENT
Title Digital computer electronics
Remainder of title an introduction to microcomputers
250 ## - EDITION STATEMENT
Edition statement 2nd ed.
260 ## - PUBLICATION, DISTRIBUTION, ETC. (IMPRINT)
Place of publication, distribution, etc. New Delhi
Name of publisher, distributor, etc. Tata McGraw-Hill
Date of publication, distribution, etc. 1983
300 ## - PHYSICAL DESCRIPTION
Extent ix, 337 p.
Other physical details ill.
650 #0 - SUBJECT ADDED ENTRY--TOPICAL TERM
Topical term or geographic name as entry element Microcomputer
942 ## - ADDED ENTRY ELEMENTS (KOHA)
Koha item type General Book
Holdings
Source of classification or shelving scheme Piece designation (barcode) Withdrawn status Not for loan Koha full call number Shelving location Sublocation or collection (holding branch) Location (home branch) Copy number Koha issues (times borrowed) Price effective from Date acquired Koha date last borrowed Koha renewals Koha item type Lost status Koha normalized classification for sorting Damaged status Koha date last seen
 85273  623.81958/MAl/1983Circulation sectionCentral Library, BUETCentral Library, BUET142015-02-162015-02-162019-01-161General Book 623_819580000000000_MAL_1983 2019-01-16
 62364  623.81958/MAL/1983Reading sectionCentral Library, BUETCentral Library, BUET2 2015-06-272015-06-27  Reading Item 623_819580000000000_MAL_1983 2015-06-27
 62366  623.81958/MAL/1983Reading sectionCentral Library, BUETCentral Library, BUET3 2015-07-012015-07-01  Reading Item 623_819580000000000_MAL_1983 2015-07-01
 62365  623.81958/MAL/1983Reading sectionCentral Library, BUETCentral Library, BUET4 2015-07-012015-07-01  Reading Item 623_819580000000000_MAL_1983 2015-07-01
 62368  623.81958/MAL/1983Circulation sectionCentral Library, BUETCentral Library, BUET5 2015-07-122015-07-12  General Book 623_819580000000000_MAL_1983 2016-04-24